000 00499nam a2200181Ia 4500
003 GCL
008 140319s9999 xx 000 0 eng d
040 _aGCL /
_cGCL
082 0 4 _a327.44
_bM R
100 1 _aMITTERRAND, FRANCOIS
245 1 0 _aREFLEXIONS SUR LA POLITIQUE EXTERIEURE DE LA FRANCE /
_cMITTERRAND, FRANCOIS
260 _a[S.N] :
_bFAYARD ،
_c1986
300 _a441
650 0 4 _aFRANCE - POLITICAL SITUATION
650 0 4 _aFRANCE
650 0 4 _aFOREIGN RELATIONS
942 _2ddc
_cBK
999 _c25450
_d25450